00345nam a2200133Ia 4500008004100000041001200041082001600053100001700069245005900086260003200145300000800177650001400185700001200199221030s9999 xx 000 0 und d aEnglish a105.23bPun aB. C. Punmia 0aEnvironmental Engineering - 1 Water Supply Engineering bLaxmi Pub.aNew Delhic1998 a584 aChemistry aA. Jain